| 000 | 00575nam a2200265Ia 4500 | ||
|---|---|---|---|
| 005 | 20260127113122.0 | ||
| 008 | 008 260114s9999 xx 000 0 eng d | ||
| 037 | _aTextbook | ||
| 040 | _aPSDL | ||
| 040 | _beng | ||
| 040 | _cPSDL | ||
| 041 | _2eng | ||
| 041 | _aeng | ||
| 084 | _qPSDL | ||
| 100 |
_aUpadhyay, Devender _91109970 |
||
| 245 | 0 | _aJawaharlal Nehru | |
| 245 | 0 | _cUpadhyay, Devender | |
| 260 | _aDelhi | ||
| 260 | _bSamayik Prakashan | ||
| 260 | _c1999 | ||
| 300 | _a176p. | ||
| 942 | _cTB | ||
| 999 |
_c1675966 _d1675966 |
||